| 000 | 00767nam a2200205 a 4500 | ||
|---|---|---|---|
| 020 | _a0727720929 (Thomas Telford) | ||
| 020 | _a0860174298 (pbk) | ||
| 082 | 0 | 0 |
_a624.1834 _bDES |
| 100 | 1 |
_aBussell, M. N. _943099 |
|
| 245 | 1 | 0 |
_aDesign and construction of joints in concrete structures / _cM.N. Bussell, R. Cather. |
| 260 |
_aLondon : _bConstruction Industry Research and Information Association, _c1995. |
||
| 300 |
_a79 p. : _bill. ; _c30 cm. |
||
| 526 |
_a0 _b0 _c0 _d624_183400000000000_DES |
||
| 650 | 0 |
_aConcrete construction _xJoints _xDesign. _943100 |
|
| 650 | 0 |
_aConcrete construction _xJoints. _943101 |
|
| 650 | 0 |
_aMCE _9379 |
|
| 700 | 1 |
_aCather, R. _943102 |
|
| 710 | 2 |
_aConstruction Industry Research and Information Association. _942599 |
|
| 942 |
_2ddc _cBK |
||
| 999 |
_c546902 _d546902 |
||